000
00273nam a2200109Ia 4500
008
190216s9999||||xx |||||||||||||| ||und||
100
_a
George B Thomas
245
0
_a
Calculus & Analytic Geometry
260
_b
Jr.Adison Wesley Pub.Co.
650
_a
Mathematics
942
_c
BK
999
_c
30409
_d
30409